Entry Nombre personal
001 - NÚMERO DE CONTROL
- campo de control: 169188
003 - IDENTIFICADOR DE NÚMERO DE CONTROL
- campo de control: SpMaBN
005 - FECHA Y HORA DE LA ÚLTIMA TRANSACCIÓN
- campo de control: 20250809155733.0
008 - ELEMENTOS DE DATO DE LONGITUD-FIJA
- campo de control de longitud fija: 900925nn ainnnaabn a aaa
016 ## - NÚMERO DE CONTROL DE UNA AGENCIA BIBLIOGRÁFICA NACIONAL
- Número de control del registro: BNE19911499519
024 7# - IDENTIFICADOR DE OTROS ESTÁNDARES
- Número estándar o código: http://viaf.org/viaf/56666328/
- Fuente: viaf
024 7# - IDENTIFICADOR DE OTROS ESTÁNDARES
- Número estándar o código: https://isni.org/isni/0000000116484386
- Fuente: isni
024 7# - IDENTIFICADOR DE OTROS ESTÁNDARES
- Número estándar o código: http://www.wikidata.org/entity/Q107212655
- Fuente: wikidata
040 ## - FUENTE DE CATALOGACIÓN
- Centro catalogador/agencia de origen: SpMaBN
- Lengua de catalogación: spa
- Centro/agencia transcriptor: SpMaBN
- Normas de descripción: rdc
- Convención/Normas de encabezamiento de materia/tesauro: embne
100 1# - ENCABEZAMIENTO-NOMBRE DE PERSONA
- Nombre de persona: Velázquez Soriano, Isabel
375 ## - GÉNERO/SEXO
- Género: Femenino
377 ## - IDIOMA ASOCIADO
- Código del idioma: spa
- Término de lengua/lenguaje: Español
400 1# - TRAZADO DE VÉASE--NOMBRE DE PERSONA
- Nombre de persona: Velázquez, I.
400 1# - TRAZADO DE VÉASE--NOMBRE DE PERSONA
- Nombre de persona: Velázquez, Isabel
670 ## - FUENTE DE DATOS ENCONTRADOS
- Cita de la fuente: Las pizarras visigodas, 2004
- Información encontrada: port. (Isabel Velázquez Soriano)
670 ## - FUENTE DE DATOS ENCONTRADOS
- Cita de la fuente: Ingeniería civil en España, 2008
- Información encontrada: port. (ed. a cargo de Isabel Velázquez)
670 ## - FUENTE DE DATOS ENCONTRADOS
- Cita de la fuente: La cultura latina en la Cueva Negra, 2003
- Información encontrada: port. (en agradecimiento y homenaje a I. Velázquez)
670 ## - FUENTE DE DATOS ENCONTRADOS
- Cita de la fuente: Latine dicitur, vulgo vocant, 2003
- Información encontrada: port. (Isabel Velázquez)
670 ## - FUENTE DE DATOS ENCONTRADOS
- Cita de la fuente: La cultura latina en la Cueva Negra, 2006
- Información encontrada: port. (I. Velázquez)
670 ## - FUENTE DE DATOS ENCONTRADOS
- Cita de la fuente: WWW Dialnet, 28-1-2010
- Información encontrada: (Isabel Velázquez Soriano)
